000 00505nam a2200193 4500
008 b xx# fre u
040 _aLB-BrCRDP
082 _a371.335/BER
100 1 _aBerthelot,Sylvie
130 0 _lFR
245 1 0 _aVidéo Les boissons non alcoolisées
_cSylvie Berthelot,Michel Bultingaire
260 _aFrance
_bPierron
300 _c19cm
490 0 _aPierron Multimédia
500 _aVidéo
650 _aBoissons
942 _cBK
999 _c17088
_d17088